Представление документа в формате RUSMARC

ПолеНазваниеЗначение
  Тип записи i
  Библиографический уровень m
001 Контрольный номер RU/IS/BASE/470137564
005 Дата корректировки 20201206204933.4
010 Индекс ISBN __
d Цена 147-99
100 Данные общей обработки __
a Данные общей обработки 19141124d2009||||||| 0rusy0189 ca
101 Язык документа 0_
a Язык текста rus
102 Страна публикации __
a Страна публикации ru
105 Кодированные данные (монография) __
a Кодированные данные (монография) an|||||||||zy
127 Кодированные данные (звукозаписи-физические характеристики) __
a Продолжительность проигрывания 3 ч 01 мин
200 Заглавие и сведения об ответственности 1_
a Заглавие На дне
e Сведения, относящиеся к заглавию [пьеса : аудиокнига : 16+]
f Первые сведения об ответственности Максим Горький ; читает Владимир Самойлов ; [выпускающий редактор Анастасия Коляскина ; звукорежиссер Михаил Ашарин]
b Общее обозначение материала Звукозапись
210 Выходные данные __
a Место издания Москва
c Издательство АРДИС
d Дата издания 2009
215 Физическое описание __
a Объем 1 электрон. опт. диск (Audio CD)
c Иллюстрации/тип воспроизводства mp3, stereo
d Формат 12х14 см
225 Серия __
a Серия Литературные чтения
230 Специфическая характеристика материала: электронные ресурсы __
a Обозначение и объем ресурса Электронные звуковые данные
323 Примечание о главных создателях, исполнителях, участниках __
a Примечание о главных создателях, исполнителях, участниках Самойлов, В. (читает)
330 Аннотация __
a Аннотация Автор задается характерным для русской литературы вопросом о двух видах гуманизма: гуманизм Луки призывает к жалости и состраданию, примиряет с трудностями жизни и гуманизм Сатина призывает не бояться смотреть правде в глаза, не примиряться с несправедливостью, а бороться за свои права человека.
333 Примечание о целевом назначении __
a Примечание о целевом назначении 16+. Для детей старше 16 лет
337 Примечание о системных требованиях (электронные ресурсы) __
a Примечание о системных требованиях (электронные ресурсы) Систем. требования: ПК: MS Windows ; Pentium 100 ; RAM 16 Мб ; SVGA, 600х800 ; CD-ROM ; зв. карта ; колонки или наушники или аудиосистемы: музык. центр ; CD/DVD-плеер и т.д.
606 Тематические рубрики __
a Основная рубрика Художественная литература
z Хронологическая подрубрика 20 в.
y Географическая подрубрика Россия
606 Тематические рубрики __
a Основная рубрика Русская литература XX в. (произведения)
610 Ключевые слова __
a Ключевые слова драматические произведения
a Ключевые слова драматические пьесы
a Ключевые слова драмы
a Ключевые слова литературные герои
a Ключевые слова литературные персонажи
a Ключевые слова Лука
a Ключевые слова пьесы
a Ключевые слова тема борьбы
a Ключевые слова тема гуманизма
a Ключевые слова тема правды
a Ключевые слова тема справедливости
a Ключевые слова тема философии
a Ключевые слова тема человека
686 Индексы других классификаций __
2 Код системы rubbks
a Классификационный индекс 84(2=411.2)6-6я04
700 Автор _1
a Фамилия Горький
b Имя М.
c Титул (звания) Пешков, А. М.
f Даты 1868-1936
4 Код отношения 070
702 Вторичная интеллектуальная ответственность _1
a Фамилия Ашарин
b Имя М.
4 Код отношения Звукорежиссер
4 Код отношения 570
702 Вторичная интеллектуальная ответственность _1
a Фамилия Коляскина
b Имя А.
4 Код отношения Редактор
4 Код отношения 340
702 Вторичная интеллектуальная ответственность _1
a Фамилия Самойлов
b Имя В.
4 Код отношения Прочие
4 Код отношения 570
801 Источник записи _0
a Страна ru
b Организация Муниципальное бюджетное учреждение культуры "Централизованная библиотечная система" г. Сургут (Центральная городская библиотека им. А. С. Пушкина)
c Дата составления 20141124
g Правила каталогизации КиК/Апакова
801 Источник записи _1
a Страна ru
b Организация Муниципальное бюджетное учреждение культуры "Централизованная библиотечная система" г. Сургут (Центральная городская библиотека им. А. С. Пушкина)
c Дата составления 20141124
g Правила каталогизации КиК/Апакова
852 Данные о местонахождении __
j Шифр хранения 84(2=411.2)6-6я04
i Авторский знак Г 71
901 Тип документа __
t Тип документа m
903 Характеристики (МАРС) __
a Дата передачи 20141124
969 Тип издания __
a Тип издания аудиокнига; издание для слепых
990 Данные о заказе (DOS) __
j Количество экземпляров (DOS) 1
t N записи в КСУ для И/У (DOS) 201411